000 00435nam a2200193Ia 4500
005 20240823034943.0
008 240823s9999||||xx |||||||||||||| ||und||
020 _a978-1-4516-7204-6
041 _aENGLISH
082 _A823.92 Q3
100 _aManisha Jolie Amin
245 0 _aDancing the Flute
250 _a1st
260 _c2013
_bAtria Pape
500 _aYES
650 _aNovel
_bEnglish
942 _cBK
999 _c199527
_d199527